00773cam a2200241 a 4500001000700000003000400007005001700011008004100028010001700069020001500086040001800101043001200119050002100131082001700152100002300169245007700192260003700269300005400306504007000360650003500430650004200465700002400507693788OSt20170210144808.0960417s1996 mauab b 001 0 eng  a 96075588  a0316769363 aDLCcDLCdDLC an-us---00aKF888b.B37 199600a346.73072211 aBeatty, Jeffrey F.10aBusiness law for a new century /cJeffrey F. Beatty, Susan S. Samuelson. aBoston :bLittle, Brown,cc1996. axxxi, 1294 p. :bill. (some col.), maps ;c29 cm. aIncludes bibliographical references (p. [xxviii]-xxxi) and index. 0aCommercial lawzUnited States. 0aCommercial lawzUnited StatesxCases.1 aSamuelson, Susan S.